000 01023nam a2200277Ia 4500
001 ebr10623096
003 CaPaEBR
006 m u
007 cr cn|||||||||
008 121130s2012 enk s 000 0 eng d
020 _z9781849694056
020 _z9781849694049
040 _aCaPaEBR
_cCaPaEBR
035 _a(OCoLC)824752450
050 1 4 _aHM743.Y3
_bR62 2012eb
100 1 _aRoberts, Ralph.
245 1 0 _aYammer starter
_h[electronic resource] /
_cRalph Roberts.
260 _aBirmingham, [Eng.] :
_bPackt Publishing,
_c2012.
300 _a45 p.
533 _aElectronic reproduction.
_bPalo Alto, Calif. :
_cebrary,
_d2011.
_nAvailable via World Wide Web.
_nAccess may be limited to ebrary affiliated libraries.
650 0 _aInformation technology
_xSocial aspects.
650 0 _aSocial networks.
655 7 _aElectronic books.
_2local
710 2 _aebrary, Inc.
856 4 0 _uhttp://site.ebrary.com/lib/rucke/Doc?id=10623096
_zAn electronic book accessible through the World Wide Web; click to view
999 _c55725
_d55725